Normal view
MARC view
Entry Uniform Title
001 - CONTROL NUMBER
- control field: 34099
003 - CONTROL NUMBER IDENTIFIER
- control field: dpl
005 - DATE AND TIME OF LATEST TRANSACTION
- control field: 20110901161234.0
008 - FIXED-LENGTH DATA ELEMENTS
- fixed length control field: 110901|||a|||||| | ||| d
040 ## - CATALOGING SOURCE
- Original cataloging agency: dpl
- Transcribing agency: dpl
130 ## - HEADING--UNIFORM TITLE
- Uniform title: Perfirnubg arts serues
670 ## - SOURCE DATA FOUND
- Source citation: Work cat.: (dpl): Shea, Janet O' 34098, Bharata Natyam on the global stage: , 2007
670 ## - SOURCE DATA FOUND
- Source citation: Work cat.: (dpl): Shea, Janet O' 34098, Bharata Natyam on the global stage: , 2007
